| 000 | 01123cam a22002771i 4500 | ||
|---|---|---|---|
| 003 | SA-RiAUC | ||
| 005 | 20241021065708.0 | ||
| 008 | 241020s2016 su g 000 0bara c | ||
| 040 |
_aSA-JeALM _bara _cSA-RiAUC _erda |
||
| 082 | 0 | 4 |
_a239 _qSA-RiAUC |
| 090 |
_a239 _bق م ق |
||
| 100 | 1 |
_aقمقمجي، أسعد مصطفى _eمؤلف. |
|
| 245 | 1 | 0 |
_aملخص سيرة سيدنا ونبينا محمد صلى الله عليه وأمهات المؤمنين وآل البيت / _cإعداد وتنفيذ أسعد مصطفى قمقجي. |
| 250 | _aالطبعة الرابعة. | ||
| 264 | 1 |
_aجدة _bالمؤلف _c2015 |
|
| 300 |
_a304 صفحة ؛ _c21 سم |
||
| 336 |
_aنص _btxt _2rdacontent _3كتاب |
||
| 337 |
_aبدون وسيط _bn _2rdamedia |
||
| 338 |
_aمجلد _bnc _2rdacarrier |
||
| 600 | 0 | 7 |
_aمحمد (صلى الله عليه وسلم)، _d53 قبل الهجرة-11 هجري _2aucnm |
| 650 | 7 |
_aالسيرة النبوية _2aucsh |
|
| 650 | 7 |
_aزوجات النبي _2aucsh |
|
| 650 | 7 |
_aأهل بيت الرسول _2aucsh |
|
| 942 |
_2ddc _cBOOK _n0 |
||
| 949 |
_aSA-JeALM _d241020 _umohamedma123 _n1 |
||
| 999 |
_c1526 _d1526 |
||